La zona internacional de los fondos marinos patrimonio comun de la humanidad /

Detalles Bibliográficos
Autor principal: Salamanca Aguado, Esther
Formato: Desconocido
Lenguaje:español
Publicado: Madrid : Dykinson ; Universidad Francisco de Vitoria, 2003
Materias:
Acceso en línea:Acceso restringido

MARC

LEADER 00000ny a22000003n 4500
005 2011062709139.0
006 m u
007 cr cn|||||||||
008 200507r2003 sp |||||s|||||||||||spa d
020 |a 9788497720205 
035 |a 202 
040 |a FlNmELB  |c FlNmELB  |d vLex 
050 1 4 |a KZA1540  |b S159 2003eb 
080 |a 341.224 
090 |c 1140  |d 1140 
100 1 |a Salamanca Aguado, Esther 
245 1 3 |a La zona internacional de los fondos marinos  |h [Recurso electrn̤ico]  |b patrimonio comun de la humanidad /  |c Esther Salamanca Aguado 
256 |a Servicio en ln̕ea 
260 |a Madrid :  |b Dykinson ; Universidad Francisco de Vitoria,  |c 2003 
300 |a [9]-348 p 
506 1 |a Contenido solo disponible en los productos indicados  |d vLex Global  |d vLex Global (Academic Edition, excluding Law Schools)  |d vLex Global (U.S. Academic Edition, Law Schools)  |d vLex Global (U.S. Academic Edition, excluding Law Schools)  |d vLex Global (Academic Edition, Law Schools) 
650 0 7 |a Derecho internacional  |2 Tesauro vLex 
650 0 7 |a Civil  |2 Tesauro vLex 
740 0 |a vLex Libros (Servicios en ln̕ea) 
856 4 0 |u http://vlex.com/source/202  |z Acceso restringido 
942 |c BOOK